Countries of the World - 15 Seconds Sprint Edition - Statistics

General Stats
  • This quiz has been taken 173 times
  • The average score is 16 of 196
Answers on the Map
Answers color-coded by a green-red scale on the quiz's map according to % correct below.
 
Answer Stats
Country % Correct
United States
79%
Canada
46%
China
46%
Russia
46%
United Kingdom
41%
Mexico
38%
Democratic Republic of the Congo
26%
Dominican Republic
26%
Brazil
23%
Australia
21%
France
21%
Germany
21%
United Arab Emirates
21%
Cuba
18%
India
18%
Republic of the Congo
18%
Sweden
18%
Guatemala
15%
Japan
15%
New Zealand
15%
Belize
13%
Czech Republic
13%
Denmark
13%
Central African Republic
13%
Greece
13%
Haiti
13%
Ireland
13%
Kazakhstan
13%
Norway
13%
Spain
13%
Afghanistan
10%
Austria
10%
Belarus
10%
Belgium
10%
Bhutan
10%
Chad
10%
Chile
10%
Croatia
10%
El Salvador
10%
Estonia
10%
Finland
10%
Iran
10%
Mongolia
10%
Papua New Guinea
10%
Peru
10%
Saudi Arabia
10%
South Korea
10%
Taiwan
10%
Ukraine
10%
Albania
8%
Andorra
8%
Argentina
8%
Benin
8%
Bosnia and Herzegovina
8%
Brunei
8%
Bulgaria
8%
Costa Rica
8%
Egypt
8%
Ethiopia
8%
Fiji
8%
Georgia
8%
Ghana
8%
Honduras
8%
Iceland
8%
Indonesia
8%
Iraq
8%
Italy
8%
Jamaica
8%
Mali
8%
Netherlands
8%
Nicaragua
8%
North Korea
8%
North Macedonia
8%
Oman
8%
Pakistan
8%
Panama
8%
Portugal
8%
South Africa
8%
South Sudan
8%
Sudan
8%
Yemen
8%
Algeria
5%
Angola
5%
Antigua and Barbuda
5%
Armenia
5%
Azerbaijan
5%
Bahamas
5%
Bahrain
5%
Bangladesh
5%
Barbados
5%
Bolivia
5%
Botswana
5%
Burkina Faso
5%
Burundi
5%
Cambodia
5%
Cameroon
5%
Cape Verde
5%
Colombia
5%
Comoros
5%
Cyprus
5%
Djibouti
5%
Dominica
5%
Ecuador
5%
Equatorial Guinea
5%
Eritrea
5%
Eswatini
5%
Gabon
5%
Gambia
5%
Grenada
5%
Guinea
5%
Guinea-Bissau
5%
Guyana
5%
Hungary
5%
Jordan
5%
Latvia
5%
Libya
5%
Madagascar
5%
Nepal
5%
Paraguay
5%
Poland
5%
Qatar
5%
Romania
5%
Samoa
5%
Singapore
5%
Sri Lanka
5%
Syria
5%
Tajikistan
5%
Togo
5%
Tonga
5%
Turkey
5%
Uzbekistan
5%
Vietnam
5%
Zambia
5%
São Tomé and Príncipe
3%
East Timor
3%
Federated States of Micronesia
3%
Israel
3%
Ivory Coast
3%
Kenya
3%
Kiribati
3%
Kosovo
3%
Kuwait
3%
Kyrgyzstan
3%
Laos
3%
Lebanon
3%
Lesotho
3%
Liberia
3%
Liechtenstein
3%
Lithuania
3%
Luxembourg
3%
Malawi
3%
Malaysia
3%
Maldives
3%
Malta
3%
Marshall Islands
3%
Mauritania
3%
Mauritius
3%
Moldova
3%
Monaco
3%
Montenegro
3%
Morocco
3%
Mozambique
3%
Myanmar
3%
Namibia
3%
Nauru
3%
Niger
3%
Nigeria
3%
Palau
3%
Philippines
3%
Rwanda
3%
Saint Kitts and Nevis
3%
Saint Lucia
3%
Saint Vincent and the Grenadines
3%
San Marino
3%
Senegal
3%
Serbia
3%
Seychelles
3%
Sierra Leone
3%
Slovakia
3%
Slovenia
3%
Solomon Islands
3%
Somalia
3%
Suriname
3%
Switzerland
3%
Tanzania
3%
Thailand
3%
Trinidad and Tobago
3%
Tunisia
3%
Turkmenistan
3%
Tuvalu
3%
Uganda
3%
Uruguay
3%
Vanuatu
3%
Vatican City
3%
Venezuela
3%
Zimbabwe
3%
No matching quizzes found
Score Distribution
Percent of People with Each Score
Percentile by Number Answered
Your Score History
You have not taken this quiz